00639nam a2200133Ia 4500008004100000100002400041245012400065245016500189260005300354260001400407300000800421650001500429856006100444170221s9999 xx 000 0 und d aElvira V. Maksimova aPedagogical Conditions of College Students’ Core Competencies Formation in the Process of Foreign Languages Learning  cElvira V. Maksimova, Renat G. Gatin, Munira A. Nazmutdinova, Anna V. Zorina, Natalya N. Vygodchikova, Elena G. Khrisanova, Inna V. Vorobyeva, Mira V. Dolgasheva bInternational Review of Management and Marketing cJune 2013 a5:1 xMarketing. uhttp://www.econjournals.com/index.php/irmm/issue/view/71